|
|
|
|
| LEADER |
00000nam a2200000 4500 |
| 008 |
150811b2014 cr ||||| |||| 00| | spa d |
| 999 |
|
|
|c 2797
|d 2797
|
| 090 |
|
|
|a 06.02.01
|b 2001 (2014)
|
| 100 |
1 |
|
|9 110
|a González Zúñiga, Marianela
|
| 245 |
1 |
0 |
|a Curso de desarrollo profesional: principios metodológicos de la educación de adultos /
|c Marianela González Zúñiga, encargada de la capacitación y compiladora del material bibliográfico
|
| 260 |
|
|
|a San José, Costa Rica :
|b INIE. PROEDUCA, Instituto de Desarrollo Profesional Uladislao Gámez Solano,
|c 2014
|
| 300 |
|
|
|a 156 páginas;
|b ilustraciones
|
| 500 |
|
|
|a Curso de los 200 días lectivos del Ministerio de Educación Pública de Costa Rica.
|
| 500 |
|
|
|a A la cabeza de la portada Ministerio de Educación Pública. Instituto de Desarrollo Profesional Uladislao Gámez Solano
|
| 650 |
1 |
4 |
|9 729
|a CAPACITACIÓN
|
| 650 |
1 |
4 |
|9 331
|a DOCENTES
|
| 700 |
1 |
|
|9 728
|a Caldwell Bermúdez, Clyde
|
| 700 |
1 |
|
|9 3006
|a Rodríguez Vargas, Pablo
|
| 942 |
|
|
|i 003936,004347
|h 06.02.01 2001 (2014)
|2 z
|c 04
|